| 000 | 01347cam a22003255a 4500 | ||
|---|---|---|---|
| 003 | EG-ScBUE | ||
| 005 | 20211025131846.0 | ||
| 008 | 090726s2003 ua f b 000 0 ara d | ||
| 017 | _a2003 / 1168 | ||
| 020 | _a9770186112 | ||
| 040 |
_a EG-ScBUE _bara _erda _d EG-ScBUE _c EG-ScBUE |
||
| 043 | _af-ua--- | ||
| 082 | 0 | 4 |
_a962.052 _bع ر ب _222 |
| 100 | 1 |
_aعرب، محمد صابر، _eمؤلف. _913774 |
|
| 245 | 1 | 0 |
_aهجوم على القصر الملكي : _b4 فبراير 1942 في الحياة المصرية / _cد. محمد صابر عرب. |
| 264 | 1 |
_aالقاهرة : _bالهيئة المصرية العامة للكتاب، _c2003. |
|
| 300 |
_a493 صفحة ؛ _c22 سم. |
||
| 336 |
_2rdacontent _aنص _btxt |
||
| 337 |
_2rdamedia _aبدون وسيط _bn |
||
| 338 |
_2rdacarrier _aمجلد _bnc |
||
| 490 | 0 | _aالأعمال الفكرية | |
| 504 | _aيشتمل على إرجاعات ببليوجرافية. | ||
| 541 | _cإهداء. | ||
| 590 | _areham yahia doaa mohamed | ||
| 651 | 7 |
_aمصر _xتاريخ _yالعصر الحديث _yالاحتلال البريطانى (1882-1956 م.). _2BUEsh |
|
| 651 | 7 |
_aمصر _xتاريخ _yالعصر الحديث _yالملك فاروق (1936-1952). _2BUEsh |
|
| 653 |
_cAugust2015 _bGGEN |
||
| 655 |
_vReading book _934232 |
||
| 942 |
_2ddc _cBB _k962.052 ع ر ب |
||
| 999 |
_c12408 _d12408 |
||